000 01117nam0a22002771 4500
001 rc\2190420
005 20110829164047.5
035 _a(NLR Aleph) 006612428
090 _a7363259
_c7363259
100 _a20110829d1978 |||y0rusy50 ca
101 0 _arus
102 _aRU
105 _ay z |||||
200 1 _aМеждународное коммунистическое и демократическое движение молодежи на современном этапе
_eМетод. материалы
_fВЛКСМ, Житомир. обл. ком. ЛКСМ Украины
_g[Подгот. Нагорный Н.С.]
210 _aЖитомир
_cБ. и.
_d1978
215 _a47 с.
_d20
225 1 _aВ помощь лектору
_fЖитомир. обл. орг. о-ва "Знание"
320 _aБиблиогр.: с. 46
702 1 _aНагорный
_bН. С.
_4570
712 0 2 _aЛКСМ Украины
_bЖитомирский обл. ком.
801 0 _aRU
_bNLR
_gpsbo
801 1 _aRU
_bELAR
_2rusmarc
852 _aNLR
_j79-4/14206
899 _aRuMoRGB
_jM 79-5/1286
942 _cBOOK
980 _aNB